000 01275nam a2200313Ia 4500
001 ebr10313733
003 CaPaEBR
006 m u
007 cr cn|||||||||
008 090127s2009 nju sb 001 0 eng d
010 _z 2009001908
020 _z9780470397923 (cloth)
040 _aCaPaEBR
_cCaPaEBR
035 _a(OCoLC)431903168
050 1 4 _aHV3181
_b.P45 2009eb
082 0 4 _a361.7/608996073
_222
245 0 2 _aA philanthropic covenant with Black America
_h[electronic resource] /
_cedited by Rodney M. Jackson ; introduction by Tavis Smiley.
260 _aHoboken, NJ :
_bWiley & Sons,
_cc2009.
300 _axviii, 238 p.
504 _aIncludes bibliographical references and index.
533 _aElectronic reproduction.
_bPalo Alto, Calif. :
_cebrary,
_d2009.
_nAvailable via World Wide Web.
_nAccess may be limited to ebrary affiliated libraries.
650 0 _aAfrican Americans
_xCharities.
650 0 _aAfrican Americans
_xCharitable contributions.
650 0 _aCommunity development
_zUnited States.
655 7 _aElectronic books.
_2local
700 1 _aJackson, Rodney M.
710 2 _aebrary, Inc.
856 4 0 _uhttp://site.ebrary.com/lib/rucke/Doc?id=10313733
_zAn electronic book accessible through the World Wide Web; click to view
999 _c57654
_d57654